00781nam a2200217 a 450000100100000000500170001000800410002702000240006802000240009204000250011608200150014110000380015624501790019426000530037330000320042649000100045850400280046870000360049670000210053283000100055300004794420201002060824.0180412s2016 dr abc 000 0 spa d a9789945595789 (v.1) a9789945599626 (v.2) aDO-SdBNPbspacBNPHU axxxxbxxxx1 aVásquez Güichardo, Julia Mery10aCiencias de la naturaleza 5 :bquinto grado, segundo ciclo educación primaria /cJulia Mery Vásquez Güichardo, Andrea Griselda Rincón Ozuna ; ilustración Henry Cid. aSanto Domingo :bActualidad Escolar 2000,c2016. av. :bil., retrs. ;c22 cm.1 aVeraz aBibliografía : p. 2401 aRincón Ozuna, Andrea Griselda1 aCid, Henry,eil. 0aVeraz